000
00297nam a22001217a 4500
008
160523b xxu||||| |||| 00| 0 eng d
020
_a
9781416062486
020
_a
9781416002486
041
_a
eng
080
_a
618.2
245
_a
Pharmacology of nursing care:
_c
Richard A. Lehne;
942
_2
udc
_c
BK
999
_c
2375
_d
2375